[Event "It (Open) INT"]
[Site "?"]
[Date "2006.05.06"]
[Round "?"]
[White "Berdichevski Igor"]
[Black "Bareev Evgeny"]
[Result "0-1"]
[WhiteElo "2555"]
[BlackElo "2701"]
[PlyCount "70"]
[EventDate "2006.??.??"]
[Source "www.chesslib.no"]
[SourceDate "2004.05.04"]

1. d4 d5 2. Nf3 Nf6 3. Bf4 Nc6 4. c3 g6 5. h3 Bf5 6. e3 a6 7. Nbd2 Bg7 8. Be2 O-O 9. O-O Ne4 10. Nh4 Nxd2 11. Qxd2 Be4 12. Nf3 Qd7 13. Rac1 Rfe8 14. c4 dxc4 15. Bxc4 Bxf3 16. gxf3 e5 17. Bg3 exd4 18. Rfd1 Qxh3 19. Bf1 Qh5 20. Bg2 Rad8 21. e4 Rd7 22. f4 d3 23. e5 Nd4 24. Qxd3 Ne2+ 25. Qxe2 Qxe2 26. Rxd7 g5 27. Rcxc7 gxf4 28. Bxf4 Bxe5 29. Bxe5 Qe1+ 30. Kh2 Qxe5+ 31. Kg1 Qe1+ 32. Kh2 Qxf2 33. Rxb7 Qh4+ 34. Kg1 Re1+ 35. Bf1 Qg3+ 0-1

[Event "Gawlikowski mem 18th"]
[Site "?"]
[Date "1999.??.??"]
[Round "?"]
[White "Kempinski Robert"]
[Black "Bareev Evgeny"]
[Result "0-1"]
[WhiteElo "2533"]
[BlackElo "2679"]
[PlyCount "98"]
[EventDate "1999.??.??"]
[Source "www.chesslib.no"]
[SourceDate "2004.05.04"]

1. d4 d5 2. Nf3 Nf6 3. c4 Bf5 4. Nc3 e6 5. Ne5 dxc4 6. Nxc4 c5 7. e3 Nc6 8. Ne5 cxd4 9. Nxc6 bxc6 10. exd4 Bb4 11. Be3 Nd5 12. Bd2 O-O 13. Be2 Nf6 14. Be3 Nd5 15. Bd2 Nf6 16. Bg5 c5 17. dxc5 Qxd1+ 18. Rxd1 Ne4 19. Be3 Nxc3 20. bxc3 Bxc3+ 21. Kf1 Rfd8 22. Rxd8+ Rxd8 23. f3 Bc2 24. Kf2 Ba4 25. Rc1 Be5 26. f4 Bb8 27. c6 Rc8 28. Bf3 a6 29. g3 Bc7 30. Bd4 Bb5 31. Ke3 Rd8 32. Be4 f6 33. f5 Kf7 34. Rc2 g6 35. g4 exf5 36. gxf5 g5 37. Bc5 g4 38. Bd4 h5 39. Bb2 Re8 40. Ba3 h4 41. Bb2 Bb6+ 42. Kf4 Bc7+ 43. Ke3 Bb6+ 44. Kf4 Bc7+ 45. Ke3 Bb6+ 46. Bd4 Bc7 47. Ba7 Rd8 48. Bc5 Re8 49. Rc3 Bxc6 0-1

[Event "ch-Euro Blitz"]
[Site "Ajaccio FRA"]
[Date "2007.10.26"]
[Round "23"]
[White "Prie, E."]
[Black "Landa, K."]
[Result "1-0"]
[WhiteElo "2532"]
[BlackElo "2678"]
[PlyCount "89"]
[EventDate "2007.10.25"]
[Source "www.chesslib.no"]
[SourceDate "2004.05.04"]

1. d4 d5 2. Nf3 Nf6 3. a3 a6 4. Bf4 e6 5. e3 Bd6 6. Bg3 c5 7. c3 Nc6 8. Nbd2 O-O 9. Bd3 Bxg3 10. hxg3 Qe7 11. Ne5 h6 12. f4 cxd4 13. exd4 Nxe5 14. fxe5 Nd7 15. Qg4 f5 16. Qg6 Rf7 17. g4 Nf8 18. Qh5 Qg5 19. Qxg5 hxg5 20. Nf3 Nh7 21. Rxh7 Kxh7 22. Nxg5+ Kg6 23. Nxf7 Kxf7 24. gxf5 exf5 25. Kf2 Be6 26. Rh1 a5 27. Ke3 Rc8 28. Rf1 g6 29. g4 Rh8 30. gxf5 gxf5 31. Bxf5 Rh2 32. Bxe6+ Kxe6 33. Rf6+ Kd7 34. Rb6 Kc7 35. Rb5 Kc6 36. a4 b6 37. Kf4 Rh1 38. Kf5 Ra1 39. b3 Rc1 40. e6 Rxc3 41. e7 Rf3+ 42. Ke6 Re3+ 43. Kf7 Rf3+ 44. Ke8 Re3 45. Kd8 1-0

[Event "ch-Euro Blitz"]
[Site "Ajaccio FRA"]
[Date "2007.10.25"]
[Round "13"]
[White "Prie, E."]
[Black "Bareev, E."]
[Result "0-1"]
[WhiteElo "2532"]
[BlackElo "2653"]
[PlyCount "68"]
[EventDate "2007.10.25"]
[Source "www.chesslib.no"]
[SourceDate "2004.05.04"]

1. d4 d5 2. Nf3 Nf6 3. a3 e6 4. Bg5 c5 5. c3 Nc6 6. e3 h6 7. Bxf6 Qxf6 8. b4 c4 9. Nbd2 g5 10. b5 Na5 11. e4 Bg7 12. g3 O-O 13. Bg2 dxe4 14. Nxe4 Qf5 15. Nfd2 Qxb5 16. h4 g4 17. Rb1 Qd7 18. Nc5 Qc7 19. O-O e5 20. Na6 Qd8 21. dxe5 Bf5 22. Rxb7 Qc8 23. Rb4 Qxa6 24. Bxa8 Rxa8 25. Re1 Rd8 26. Qe2 Qc6 27. Qe3 Rd3 28. Qf4 Qd7 29. Nxc4 Nxc4 30. Rxc4 Qe6 31. Rd4 Rf3 32. Qd2 Qb3 33. Rd8+ Kh7 34. Rd7 Bxd7 0-1

[Event "Malmo"]
[Site "Malmo"]
[Date "1995.??.??"]
[Round "7"]
[White "Andersson, Ulf"]
[Black "Hector, Jonny"]
[Result "1/2-1/2"]
[WhiteElo "2630"]
[BlackElo "2540"]
[PlyCount "34"]
[EventDate "1995.05.??"]
[Source "ChessBase"]

1. d4 d5 2. Nf3 Nf6 3. Bf4 c5 4. dxc5 Nc6 5. Nbd2 e6 6. e3 Bxc5 7. Bd3 Qe7 8. Ne5 Nd7 9. Nxc6 bxc6 10. Bg3 O-O 11. Qe2 f5 12. f3 e5 13. e4 f4 14. Bf2 Bxf2+ 15. Qxf2 Nc5 16. Nb3 Nxd3+ 17. cxd3 Rb8 1/2-1/2

[Event "NED-ch"]
[Site "Rotterdam"]
[Date "1998.07.03"]
[Round "11"]
[White "Sosonko, Gennadi"]
[Black "Timman, Jan H"]
[Result "0-1"]
[WhiteElo "2520"]
[BlackElo "2635"]
[PlyCount "80"]
[EventDate "1998.06.21"]
[Source "ChessBase"]
[SourceDate "1998.09.30"]

1. d4 d5 2. Nf3 Nf6 3. g3 Bf5 4. c4 c6 5. Nc3 e6 6. Bg2 Nbd7 7. Nh4 Bg4 8. h3 Bh5 9. g4 Bg6 10. Nxg6 hxg6 11. Qb3 Qc7 12. Bg5 Nb6 13. cxd5 exd5 14. Rc1 Qd6 15. e3 Qb4 16. Qc2 Bd6 17. Bxf6 gxf6 18. O-O Bc7 19. Nxd5 Nxd5 20. Bxd5 Qd6 21. Bxc6+ Kf8 22. Qc5 bxc6 23. Qxd6+ Bxd6 24. Rxc6 Ke7 25. Kg2 a5 26. Rd1 f5 27. gxf5 gxf5 28. Rh1 Rh4 29. Kf3 a4 30. Rb6 a3 31. Rb7+ Ke6 32. Kg2 axb2 33. Rxb2 Ra3 34. Re1 Re4 35. Ree2 f4 36. Rb3 Rxb3 37. axb3 Kd5 38. Kf3 fxe3 39. fxe3 Rh4 40. Rf2 f5 0-1

[Event "6th ch-Asia"]
[Site "Cebu City PHI"]
[Date "2007.09.20"]
[Round "2"]
[White "Bagheri, A."]
[Black "Zhang Pengxiang"]
[Result "1/2-1/2"]
[WhiteElo "2495"]
[BlackElo "2649"]
[PlyCount "59"]
[EventDate "2007.09.19"]
[Source "www.chesslib.no"]
[SourceDate "2004.05.04"]

1. d4 d5 2. Nf3 Nf6 3. Bf4 c6 4. e3 Bg4 5. Nbd2 Nbd7 6. h3 Bh5 7. Bd3 e6 8. O-O Be7 9. c4 O-O 10. Qb3 dxc4 11. Bxc4 Nb6 12. Bd3 c5 13. Rac1 Rc8 14. dxc5 Nbd7 15. c6 Rxc6 16. Rxc6 bxc6 17. Bb1 Nc5 18. Qc4 Nd5 19. Be5 Nb6 20. Qd4 f6 21. Qxd8 Rxd8 22. Bd4 e5 23. Bxc5 Bxc5 24. Rc1 Bf8 25. Be4 c5 26. b3 Bf7 27. Kf1 a5 28. Nc4 Nxc4 29. bxc4 g6 30. Ke1 1/2-1/2

[Event "Capablanca mem Elite"]
[Site "Varadero"]
[Date "2000.05.20"]
[Round "11"]
[White "Miles, Anthony J"]
[Black "Nogueiras, Jesus"]
[Result "1-0"]
[WhiteElo "2579"]
[BlackElo "2563"]
[PlyCount "79"]
[EventDate "2000.05.07"]
[Source "ChessBase"]
[SourceDate "2000.07.27"]

1. d4 d5 2. Nf3 Nf6 3. Bf4 c5 4. e3 Nc6 5. c3 Bg4 6. Nbd2 e6 7. Qb3 Qb6 8. Ne5 Nxe5 9. Bxe5 Qxb3 10. axb3 Nd7 11. Bg3 Be7 12. dxc5 Bxc5 13. b4 Be7 14. e4 O-O 15. f3 Bh5 16. exd5 exd5 17. Bb5 Nb6 18. Bf2 a6 19. Be2 Nd7 20. O-O Rfe8 21. Rfe1 f6 22. Nb3 Ne5 23. Na5 b5 24. Rad1 Bf7 25. f4 Nc4 26. Nxc4 dxc4 27. Bf3 Rad8 28. Ra1 Bf8 29. Rxe8 Bxe8 30. Rxa6 Rd2 31. Ra8 Kf7 32. Be3 Rd3 33. Kf2 f5 34. Bc5 Be7 35. Ra7 Rd7 36. Rxd7 Bxd7 37. Bd5+ Kf6 38. Bxe7+ Kxe7 39. Ke3 Kd6 40. Kd4 1-0

[Event "Kislovodsk tt"]
[Site "Kislovodsk"]
[Date "1982.??.??"]
[Round "?"]
[White "Gulko, Boris F"]
[Black "Kupreichik, Viktor D"]
[Result "0-1"]
[WhiteElo "2565"]
[BlackElo "2570"]
[PlyCount "60"]
[EventDate "1982.??.??"]
[Source "www.chesslib.no"]
[SourceDate "2004.05.04"]

1. d4 d5 2. Nf3 Nf6 3. Bf4 e6 4. e3 Bd6 5. Bg3 Nc6 6. c4 Bxg3 7. hxg3 Qe7 8. Nc3 Bd7 9. a3 a6 10. Rc1 dxc4 11. Bxc4 e5 12. d5 Na7 13. d6 cxd6 14. Ng5 Be6 15. Bxe6 fxe6 16. Nce4 d5 17. Nxf6+ gxf6 18. Qh5+ Kd7 19. Nxh7 Nc6 20. Qg6 Kc7 21. Rh4 Rac8 22. Qxf6 Rxh7 23. Rxh7 Qxh7 24. Qxe6 Kb8 25. Qd6+ Ka8 26. Qxd5 Rd8 27. Qc4 e4 28. Ke2 Qh5+ 29. Ke1 Ne5 30. Qc7 Nd3+ 0-1

[Event "Trieste"]
[Site "?"]
[Date "2006.09.09"]
[Round "9"]
[White "Burmakin Vladimir"]
[Black "Pavasovic Dusko"]
[Result "0-1"]
[WhiteElo "2558"]
[BlackElo "2564"]
[PlyCount "90"]
[EventDate "2006.??.??"]
[Source "www.chesslib.no"]
[SourceDate "2004.05.04"]

1. d4 d5 2. Nf3 Nf6 3. g3 Bg4 4. Bg2 c6 5. O-O Nbd7 6. Nbd2 e6 7. Re1 Be7 8. e4 O-O 9. c3 Bh5 10. Qb3 Qc7 11. c4 a5 12. a3 Rfd8 13. cxd5 cxd5 14. exd5 Nxd5 15. Ne4 a4 16. Qb5 N7b6 17. Bg5 Bxg5 18. Nfxg5 Qc4 19. Qxc4 Nxc4 20. Nc3 Ndb6 21. Bxb7 Rab8 22. Bf3 Bxf3 23. Nxf3 Nxb2 24. Reb1 Nd5 25. Nxd5 exd5 26. Ne5 Rb3 27. Rc1 f6 28. Nc6 Rd7 29. Nb4 Nc4 30. Nxd5 Nxa3 31. Nf4 Ra7 32. Ne2 Nb5 33. Rc2 a3 34. Rca2 Rb2 35. Kf1 Ra4 36. h4 Kf7 37. d5 Ke7 38. Nf4 Kd6 39. Nd3 Rxa2 40. Rxa2 Kxd5 41. Ke1 Re4+ 42. Kd2 Re2+ 43. Kxe2 Nc3+ 44. Kd2 Nxa2 45. Kc2 Kc4 0-1

[Event "Niksic"]
[Site "Niksic"]
[Date "1978.??.??"]
[Round "1"]
[White "Gulko, Boris F"]
[Black "Vaganian, Rafael A"]
[Result "1/2-1/2"]
[WhiteElo "2565"]
[BlackElo "2555"]
[PlyCount "38"]
[EventDate "1978.06.??"]
[Source "ChessBase"]

1. d4 d5 2. Nf3 Nf6 3. Bf4 g6 4. e3 Bg7 5. Nbd2 O-O 6. Bd3 c5 7. c3 b6 8. a4 Ba6 9. Bxa6 Nxa6 10. O-O Qc8 11. Qe2 Qb7 12. h3 Rfd8 13. Rfe1 Rac8 14. Be5 Nb8 15. e4 cxd4 16. Bxd4 dxe4 17. Nxe4 Nxe4 18. Qxe4 Qxe4 19. Rxe4 Nc6 1/2-1/2

[Event "57th ch-RUS Qualifier"]
[Site "Tomsk"]
[Date "2004.05.24"]
[Round "2"]
[White "Belozerov, Andrei"]
[Black "Bocharov, Dmitry"]
[Result "1/2-1/2"]
[WhiteElo "2552"]
[BlackElo "2567"]
[PlyCount "86"]
[EventDate "2004.05.23"]
[Source "Roberto Alvarez"]
[SourceDate "2004.05.31"]

1. d4 d5 2. Nf3 Nf6 3. g3 Bf5 4. Bg2 e6 5. O-O Be7 6. c4 c6 7. Nc3 Nbd7 8. b3 Ne4 9. Bb2 Nxc3 10. Bxc3 Be4 11. Nd2 Bxg2 12. Kxg2 O-O 13. e4 b5 14. Qf3 Nb6 15. exd5 exd5 16. c5 Nd7 17. b4 Bf6 18. Nb3 Re8 19. Rfe1 Nf8 20. Rxe8 Qxe8 21. Re1 Qd7 22. Bd2 Ne6 23. Qd3 Re8 24. Re2 g6 25. f3 h5 26. Be3 h4 27. Qd2 Kg7 28. Kf1 hxg3 29. hxg3 Ng5 30. Bxg5 Qh3+ 31. Kf2 Qh2+ 32. Kf1 Qh1+ 33. Kf2 Bxg5 34. f4 Rh8 35. Qe1 Rh2+ 36. Ke3 Bd8 37. Qxh1 Rxh1 38. Kf3 Kf8 39. Kg2 Rd1 40. Kf3 a6 41. Rd2 Re1 42. Re2 Rd1 43. Rd2 Re1 1/2-1/2

[Event "Mind Sports Games - Blitz Team"]
[Site "Pechino CINA"]
[Date "2008.10.13"]
[Round "7"]
[White "Bagheri, A."]
[Black "Balogh, C."]
[Result "1/2-1/2"]
[WhiteElo "2490"]
[BlackElo "2616"]
[PlyCount "53"]
[EventDate "2008.10.13"]
[Source "www.chesslib.no"]
[SourceDate "2004.05.04"]

1. d4 d5 2. Nf3 Nf6 3. Bf4 c5 4. c3 Nc6 5. e3 Bg4 6. Nbd2 e6 7. Qb3 Qc8 8. h3 Bh5 9. Ne5 Be7 10. g4 Bg6 11. Nxg6 hxg6 12. Bg2 O-O 13. Qd1 Qd7 14. Qe2 Bd6 15. Bxd6 Qxd6 16. f4 b5 17. O-O b4 18. Nb3 bxc3 19. dxc5 Qe7 20. bxc3 Nd7 21. c4 Nxc5 22. cxd5 Nxb3 23. axb3 exd5 24. Bxd5 Rac8 25. Bxc6 Rxc6 26. Rac1 Rb6 27. Rc3 1/2-1/2

[Event "Tilburg"]
[Site "Tilburg"]
[Date "1992.??.??"]
[Round "1"]
[White "Kovacevic, Vlatko"]
[Black "Rogers, Ian"]
[Result "0-1"]
[WhiteElo "2540"]
[BlackElo "2565"]
[PlyCount "66"]
[EventDate "1992.10.??"]
[Source "ChessBase"]

1. d4 d5 2. Nf3 Nf6 3. g3 Bg4 4. Bg2 c6 5. O-O Nbd7 6. b3 Bxf3 7. Bxf3 e5 8. c4 e4 9. Bg2 Bd6 10. a4 O-O 11. Nc3 Re8 12. Qc2 h6 13. Bd2 Nf8 14. Bh3 Ne6 15. Be3 Ng5 16. Bg2 Qd7 17. Qd2 Bb4 18. Rac1 Qf5 19. f3 exf3 20. exf3 dxc4 21. bxc4 Rad8 22. Kh1 b5 23. g4 Qd7 24. Bxg5 hxg5 25. Qxg5 Bxc3 26. Rxc3 Qxd4 27. Rc2 b4 28. Qc1 Re3 29. c5 Rc3 30. g5 Nd5 31. g6 fxg6 32. Qg5 Nf4 33. Rcf2 Rxc5 0-1

[Event "Ubeda op 6th"]
[Site "Ubeda"]
[Date "2001.01.22"]
[Round "2"]
[White "Nalbandian, Tigran"]
[Black "Najer, Evgeniy"]
[Result "0-1"]
[WhiteElo "2481"]
[BlackElo "2616"]
[PlyCount "118"]
[EventDate "2001.01.21"]
[Source "ChessBase"]
[SourceDate "2001.03.08"]

1. d4 d5 2. Nf3 Nf6 3. g3 Bf5 4. Bg2 c6 5. O-O Nbd7 6. c4 e6 7. b3 Be7 8. Nc3 Ne4 9. Bb2 O-O 10. Nd2 Nxc3 11. Bxc3 Nf6 12. Re1 Re8 13. e4 dxe4 14. Nxe4 Nxe4 15. Bxe4 Bxe4 16. Rxe4 Bf6 17. Qf3 Re7 18. Rg4 Rd7 19. Rd1 Rc8 20. h4 e5 21. Qf5 g6 22. h5 Bg7 23. hxg6 hxg6 24. Qd3 exd4 25. Bd2 Qe8 26. Bg5 Qe5 27. Bd2 Qh5 28. Qf3 f5 29. Rf4 Qxf3 30. Rxf3 Re8 31. Rd3 Kf7 32. Kg2 Bf6 33. Rh1 Rh8 34. Re1 Re7 35. Rxe7+ Kxe7 36. Bb4+ Kf7 37. Kf3 b6 38. Ke2 Re8+ 39. Kd1 g5 40. Bd2 Ke6 41. b4 Rd8 42. Ra3 Rd7 43. Ke2 Be7 44. Rb3 g4 45. Kd3 c5 46. b5 Bd6 47. Rb1 f4 48. Rh1 fxg3 49. Rh6+ Kf7 50. fxg3 Bxg3 51. Rh5 Kg8 52. a4 Bc7 53. a5 g3 54. Ke2 Rg7 55. Kf1 g2+ 56. Kg1 bxa5 57. Rg5 Rxg5 58. Bxg5 a4 59. Bc1 d3 0-1

[Event "TCh-SLO, Bled SLO"]
[Site "?"]
[Date "2001.??.??"]
[Round "3"]
[White "Hulak, K."]
[Black "Mikhalchishin, A."]
[Result "1/2-1/2"]
[WhiteElo "2565"]
[BlackElo "2530"]
[PlyCount "23"]
[EventDate "2001.??.??"]
[Source "www.chesslib.no"]
[SourceDate "2004.05.04"]

1. d4 d5 2. Nf3 Nf6 3. Bf4 g6 4. e3 Bg7 5. h3 O-O 6. c3 b6 7. Nbd2 Bb7 8. Be2 c5 9. O-O Nbd7 10. Bh2 a6 11. Re1 Re8 12. Rc1 1/2-1/2

[Event "4th LGA Premium Cup"]
[Site "Nuernberg GER"]
[Date "2007.09.09"]
[Round "7"]
[White "Haba, P."]
[Black "Baramidze, D."]
[Result "1/2-1/2"]
[WhiteElo "2526"]
[BlackElo "2569"]
[PlyCount "141"]
[EventDate "2007.09.06"]
[Source "www.chesslib.no"]
[SourceDate "2004.05.04"]

1. d4 d5 2. Nf3 Nf6 3. c3 e6 4. Bf4 Be7 5. h3 Nbd7 6. e3 c5 7. Nbd2 b6 8. Bb5 Bb7 9. Ne5 Qc8 10. Bg5 Kf8 11. Nxd7+ Nxd7 12. Bxe7+ Kxe7 13. O-O Nf6 14. b4 Ba6 15. Bxa6 Qxa6 16. dxc5 bxc5 17. Nb3 cxb4 18. cxb4 Qa3 19. Qd4 Rhc8 20. Rfc1 Kf8 21. Nc5 Ne4 22. f3 Nxc5 23. bxc5 Rc6 24. Rc3 Qa5 25. a3 Rac8 26. Rac1 h6 27. Kh1 Kg8 28. Qb4 Qc7 29. e4 Rb8 30. Qa4 dxe4 31. Qxe4 Rd8 32. Qe3 Rd5 33. R3c2 Qe5 34. Qxe5 Rxe5 35. Rc4 a5 36. Kg1 g5 37. Kf2 Kg7 38. Kg3 Kg6 39. h4 f5 40. hxg5 hxg5 41. Kf2 Kf6 42. R1c2 Ke7 43. Rc1 Rd5 44. Ke2 f4 45. R1c3 e5 46. Rc1 Ke6 47. R1c2 Kf5 48. Kf2 Rd3 49. Ra4 g4 50. fxg4+ Kxg4 51. Rxa5 Rd5 52. Ra4 Rcxc5 53. Rxc5 Rxc5 54. Re4 Kf5 55. Re2 e4 56. a4 Rc1 57. Re1 Rc2+ 58. Re2 e3+ 59. Kf3 Rc1 60. g3 Rf1+ 61. Kg2 Ra1 62. Kf3 Rh1 63. gxf4 Rh3+ 64. Kg2 Kg4 65. a5 Rg3+ 66. Kh2 Kxf4 67. a6 Rg8 68. a7 Kf3 69. Ra2 e2 70. Ra3+ Kf4 71. Ra4+ 1/2-1/2

[Event "Cappelle op"]
[Site "Cappelle la Grande"]
[Date "1998.??.??"]
[Round "5"]
[White "Minasian, Artashes"]
[Black "Safin, Shukhrat"]
[Result "0-1"]
[WhiteElo "2570"]
[BlackElo "2510"]
[PlyCount "96"]
[EventDate "1998.02.21"]
[Source "ChessBase"]
[SourceDate "1998.04.29"]

1. d4 d5 2. Nf3 Nf6 3. Bf4 c6 4. Nbd2 Qb6 5. Nb3 Bf5 6. e3 e6 7. Be2 a5 8. O-O h6 9. c4 Nbd7 10. Ne5 a4 11. Nd2 Nxe5 12. Bxe5 Nd7 13. Bg3 Be7 14. c5 Qxb2 15. e4 Bg6 16. exd5 exd5 17. Nf3 O-O 18. Bd3 Be4 19. Rb1 Qxa2 20. Rxb7 Rfd8 21. Re1 Bf6 22. h4 a3 23. Rb4 Re8 24. Re2 Qxe2 25. Bxe2 a2 26. Qa1 Bxf3 27. Bxf3 Nxc5 28. Kh2 Nd3 29. Rb3 Ne1 30. Be5 Bxe5+ 31. dxe5 Nc2 32. Qc1 a1=Q 33. Qxc2 Qxe5+ 34. g3 Qf6 35. Rc3 Re6 36. Bg4 Rd6 37. Rf3 Qe7 38. Bh5 Rf6 39. Re3 Qf8 40. Qe2 Rd8 41. Re7 d4 42. f4 d3 43. Qe4 d2 44. Bd1 Rdd6 45. Bc2 g6 46. h5 Qg7 47. hxg6 Qxg6 48. Re8+ Kg7 0-1

[Event "Olimpiadi 2008 - open"]
[Site "Dresda GER"]
[Date "2008.11.23"]
[Round "10"]
[White "Bagheri, A."]
[Black "Stevic, H."]
[Result "0-1"]
[WhiteElo "2490"]
[BlackElo "2588"]
[PlyCount "54"]
[EventDate "2008.11.13"]
[Source "www.chesslib.no"]
[SourceDate "2004.05.04"]

1. d4 d5 2. Nf3 Nf6 3. Bf4 c5 4. c3 Nc6 5. dxc5 e6 6. b4 a5 7. Nd4 axb4 8. Nxc6 bxc6 9. cxb4 Ng4 10. Bg3 Qf6 11. Nd2 h5 12. h4 Ra3 13. e3 Nxe3 14. fxe3 Rxe3+ 15. Be2 Ba6 16. Rb1 Rxe2+ 17. Qxe2 Bxe2 18. Kxe2 Be7 19. a4 O-O 20. Rhc1 Qg6 21. Kf2 f5 22. Bd6 Bxd6 23. cxd6 e5 24. Rxc6 f4 25. Rbc1 e4 26. Nf1 e3+ 27. Ke1 Qxg2 0-1

[Event "Hasselbacken"]
[Site "Stockholm"]
[Date "2001.08.01"]
[Round "5"]
[White "Grabarczyk, Miroslaw"]
[Black "Yakovich, Yuri"]
[Result "0-1"]
[WhiteElo "2499"]
[BlackElo "2577"]
[PlyCount "62"]
[EventDate "2001.07.28"]
[Source "ChessBase"]
[SourceDate "2001.11.13"]

1. d4 d5 2. Nf3 Nf6 3. g3 Bf5 4. Bg2 e6 5. O-O c6 6. Nbd2 h6 7. c4 Nbd7 8. b3 Bd6 9. Bb2 Qb8 10. Re1 O-O 11. e3 Bh7 12. Qe2 Re8 13. Rec1 a5 14. a3 b5 15. cxd5 cxd5 16. Rc6 Rc8 17. Rac1 Qb7 18. Rxc8+ Rxc8 19. Qd1 Ne4 20. Bf1 b4 21. axb4 Bxb4 22. Nxe4 Bxe4 23. Ne1 Rxc1 24. Bxc1 Bxe1 25. Qxe1 Qxb3 26. Qe2 a4 27. f3 Bg6 28. Qb2 Qd1 29. Kf2 Bd3 30. Bg2 a3 31. Qd2 Qb3 0-1

[Event "It (open)"]
[Site "Ceska Trebova (Czech Republic"]
[Date "2007.08.17"]
[Round "9"]
[White "Votava Jan (CZE)"]
[Black "Haba Petr (CZE)"]
[Result "1/2-1/2"]
[WhiteElo "2547"]
[BlackElo "2526"]
[PlyCount "31"]
[EventDate "2007.??.??"]
[Source "www.chesslib.no"]
[SourceDate "2004.05.04"]

1. d4 d5 2. Nf3 Nf6 3. c3 c6 4. e3 Bf5 5. Bd3 Bxd3 6. Qxd3 e6 7. Nbd2 Be7 8. O-O O-O 9. e4 dxe4 10. Nxe4 Nxe4 11. Qxe4 Qd5 12. Re1 Qxe4 13. Rxe4 Nd7 14. Bg5 Bxg5 15. Nxg5 h6 16. Nf3 1/2-1/2

[Event "RUS-ch"]
[Site "Elista"]
[Date "1994.??.??"]
[Round "5"]
[White "Pushkov, Nikolai"]
[Black "Sveshnikov, Evgeny"]
[Result "1/2-1/2"]
[WhiteElo "2485"]
[BlackElo "2585"]
[PlyCount "83"]
[EventDate "1994.09.??"]
[Source "ChessBase"]

1. d4 d5 2. Nf3 Nf6 3. c3 c6 4. Bf4 Bf5 5. e3 e6 6. Bd3 Bxd3 7. Qxd3 Nbd7 8. Nbd2 Be7 9. h3 O-O 10. O-O c5 11. Ne5 Nxe5 12. Bxe5 c4 13. Qc2 b5 14. Bxf6 Bxf6 15. f4 Qa5 16. a3 Qb6 17. e4 a5 18. e5 Be7 19. f5 exf5 20. Qxf5 Qe6 21. Qxe6 fxe6 22. Rxf8+ Rxf8 23. Nf3 Rb8 24. Kf2 Kf7 25. Ke3 Ke8 26. Kd2 Kd7 27. Kc2 Kc6 28. Rf1 Rf8 29. Nd2 Rxf1 30. Nxf1 Kd7 31. Nh2 Bg5 32. Nf3 Bf4 33. g4 Kc6 34. Ne1 Kb6 35. Nf3 Be3 36. Ne1 Kc7 37. Nf3 Kc6 38. Kb1 b4 39. axb4 axb4 40. Kc2 b3+ 41. Kb1 Kd7 42. Ka1 1/2-1/2

[Event "Lausanne Master op"]
[Site "Lausanne"]
[Date "2001.05.25"]
[Round "6"]
[White "Varga, Peter"]
[Black "Adianto, Utut"]
[Result "1/2-1/2"]
[WhiteElo "2478"]
[BlackElo "2589"]
[PlyCount "59"]
[EventDate "2001.05.20"]
[Source "ChessBase"]
[SourceDate "2001.07.03"]

1. d4 d5 2. Nf3 Nf6 3. c3 g6 4. h3 Bg7 5. Bf4 O-O 6. e3 c6 7. Bd3 Nbd7 8. Nbd2 Re8 9. Ne5 Nxe5 10. Bxe5 Nd7 11. Bxg7 Kxg7 12. Nf3 e5 13. dxe5 Nxe5 14. Nxe5 Rxe5 15. O-O Qf6 16. Be2 Bf5 17. Qd4 b6 18. Qf4 Re4 19. Qg3 Rae8 20. Rad1 R4e5 21. Qf4 h5 22. Bd3 h4 23. Bxf5 Rxf5 24. Qd4 Rfe5 25. Qa4 a5 26. Rd4 Rf5 27. Qd1 Ree5 28. Qe2 c5 29. Rd3 b5 30. a3 1/2-1/2

[Event "Hungary HUN"]
[Site "?"]
[Date "2006.02.12"]
[Round "7"]
[White "Varga Zoltan"]
[Black "Ruck Robert"]
[Result "1/2-1/2"]
[WhiteElo "2525"]
[BlackElo "2540"]
[PlyCount "21"]
[EventDate "2006.??.??"]
[Source "www.chesslib.no"]
[SourceDate "2004.05.04"]

1. d4 d5 2. Nf3 Nf6 3. Bf4 c6 4. e3 Bg4 5. Nbd2 e6 6. h3 Bh5 7. Be2 Nbd7 8. O-O Be7 9. c4 O-O 10. c5 a5 11. a3 1/2-1/2

[Event "Ubeda op"]
[Site "Ubeda"]
[Date "1998.01.24"]
[Round "5"]
[White "Dgebuadze, Alexandre"]
[Black "Savchenko, Stanislav"]
[Result "1-0"]
[WhiteElo "2470"]
[BlackElo "2595"]
[PlyCount "69"]
[EventDate "1998.01.20"]
[Source "ChessBase"]
[SourceDate "1998.03.09"]

1. d4 d5 2. Nf3 Nf6 3. Bf4 c5 4. e3 e6 5. c3 Nc6 6. Nbd2 Nh5 7. Bg5 Qb6 8. dxc5 Bxc5 9. b4 Be7 10. b5 Nb8 11. Bxe7 Kxe7 12. c4 Nf6 13. cxd5 exd5 14. Be2 Be6 15. a4 Qd6 16. O-O Nbd7 17. Qb1 Rhc8 18. Qb2 Nb6 19. Nd4 Kf8 20. a5 Nbd7 21. Rfc1 Ne5 22. h3 Bd7 23. N2f3 Nxf3+ 24. Bxf3 Rxc1+ 25. Rxc1 Rc8 26. Rxc8+ Bxc8 27. Qc2 Bd7 28. Bg4 Nxg4 29. hxg4 g6 30. g5 Ke7 31. Qc3 b6 32. axb6 axb6 33. Qa1 Qb4 34. Nc6+ Bxc6 35. Qf6+ 1-0

[Event "Salona GM"]
[Site "Solin-Split"]
[Date "2003.12.14"]
[Round "3"]
[White "Kovacevic, Vlatko"]
[Black "Kurajica, Bojan"]
[Result "1/2-1/2"]
[WhiteElo "2503"]
[BlackElo "2557"]
[PlyCount "33"]
[EventDate "2003.12.12"]
[Source "Roberto Alvarez"]
[SourceDate "2003.12.22"]

1. d4 d5 2. Nf3 Nf6 3. Bf4 g6 4. c3 Bg7 5. Qc1 O-O 6. Bh6 c5 7. Bxg7 Kxg7 8. e3 b6 9. Nbd2 Nbd7 10. Be2 Bb7 11. b4 c4 12. a4 Qc7 13. O-O a6 14. Rd1 Rad8 15. Qc2 h6 16. Bf1 Rfe8 17. g3 1/2-1/2

[Event "Redbus KO"]
[Site "Southend"]
[Date "1999.07.25"]
[Round "4.3"]
[White "Plaskett, Jim"]
[Black "Lalic, Bogdan"]
[Result "1/2-1/2"]
[WhiteElo "2510"]
[BlackElo "2550"]
[PlyCount "39"]
[EventDate "1999.04.??"]
[Source "ChessBase"]
[SourceDate "1999.08.01"]

1. d4 d5 2. Nf3 Nf6 3. Bf4 e6 4. e3 c5 5. c4 a6 6. Nc3 dxc4 7. Bxc4 b5 8. Bb3 Bb7 9. O-O Be7 10. Qe2 Nbd7 11. Rfd1 cxd4 12. exd4 Nb6 13. Rac1 O-O 14. Ne5 Nbd5 15. Bg5 Nxc3 16. bxc3 Bd5 17. c4 bxc4 18. Bxc4 h6 19. Bxd5 Qxd5 20. Bxf6 1/2-1/2

[Event "JUG Team Ch"]
[Site "Nis YUG"]
[Date "1994.??.??"]
[Round "?"]
[White "Abramovic, Bosko"]
[Black "Damljanovic, Branko"]
[Result "1/2-1/2"]
[WhiteElo "2500"]
[BlackElo "2560"]
[PlyCount "21"]
[EventDate "1994.10.??"]
[Source "www.chesslib.no"]
[SourceDate "2004.05.04"]

1. d4 d5 2. Nf3 Nf6 3. Bf4 c6 4. e3 Bg4 5. Nbd2 e6 6. Be2 Bd6 7. Bxd6 Qxd6 8. c3 Nbd7 9. O-O O-O 10. h3 Bxf3 11. Nxf3 1/2-1/2

[Event "Biel op"]
[Site "Biel"]
[Date "1995.??.??"]
[Round "7"]
[White "Roeder, Mathias"]
[Black "Miles, Anthony J"]
[Result "1/2-1/2"]
[WhiteElo "2460"]
[BlackElo "2600"]
[PlyCount "69"]
[EventDate "1995.07.??"]
[Source "ChessBase"]

1. d4 d5 2. Nf3 Nf6 3. g3 Bf5 4. Bg2 e6 5. O-O Nbd7 6. c4 c6 7. Qb3 Qb6 8. Nc3 Qxb3 9. axb3 Bc2 10. Nd2 Bb4 11. e4 Bxc3 12. bxc3 Nxe4 13. Nxe4 dxe4 14. Ra3 f5 15. Bf4 a6 16. Re1 e5 17. dxe5 Nc5 18. Rc1 Bd3 19. f3 exf3 20. Bxf3 Ne6 21. h4 O-O-O 22. Kf2 Be4 23. Bxe4 fxe4 24. b4 Rd3 25. b5 Nxf4 26. gxf4 Rf8 27. bxa6 Rxf4+ 28. Ke2 bxa6 29. Rg1 Rxh4 30. Rxg7 Rh2+ 31. Ke1 Rd7 32. Rg8+ Rd8 33. Rg7 Rd7 34. Rg8+ Rd8 35. Rg7 1/2-1/2